| 000 | 00822nam a22003017a 4500 | ||
|---|---|---|---|
| 001 | BR9400609 | ||
| 003 | BR-BrBNA | ||
| 005 | 20230928093858.0 | ||
| 007 | ta | ||
| 008 | 230509b bl.||||| |||| 00| 0 por d | ||
| 040 |
_aBR-BrBNA _bpor _cBiblioteca Nacional de Agricultura |
||
| 041 | _a(Por) | ||
| 072 |
_aE70; E71; E72 _b9538 |
||
| 090 | _ 9538 BR9400609 | ||
| 100 | 1 | _aBrandt, S.A. | |
| 110 | 1 | _aSuperintendencia do Desenvolvimento do Nordeste, Recife, PE (Brasil) | |
| 245 | 1 | _aDende - Producao, procura e preco | |
| 260 | 3 |
_aRecife, PE (Brasil): _c1966. |
|
| 300 | _a26 p. | ||
| 500 | _a8 tables | ||
| 650 | _aDende | ||
| 650 | _aMercado Nacional | ||
| 650 | _aMercado Internacional | ||
| 650 | _aPreco | ||
| 650 | _aEstatistica de Producao | ||
| 909 |
_a202309 _bLucia _c55 _dLucia Elande |
||
| 942 | _cBK | ||
| 999 |
_c47661 _d47661 |
||